CINTERFOR : veinte años de solidaridad 1964-1984.

Bewaard in:
Bibliografische gegevens
Coauteurs: Centro Interamericano de Investigación y Documentación sobre Formación Profesional (CINTERFOR), Organización Internacional del Trabajo (OIT)
Formaat: Boek
Taal:Spaans
Onderwerpen:
Tags: Voeg label toe
Geen labels, Wees de eerste die dit record labelt!

MARC

LEADER 00000cam^a2200000uu^4500
001 000472015
005 20250521000000.0
008 050901s1984^^^^^^^^^^^^rd^r^^000^0^spa^d
009 20260310124638.61
035 |a FCE 000014823 
035 |a FCE 007101 
037 |a Acervo ITESO - Biblioteca 
041 |a spa 
082 0 4 |a 378.013  |b CINc 
110 |a Centro Interamericano de Investigación y Documentación sobre Formación Profesional (CINTERFOR),  |c Uruguay 
245 1 0 |a CINTERFOR :  |b veinte años de solidaridad 1964-1984. 
264 |a Uruguay :  |b CINTERFOR : OIT,  |c 1984. 
300 |a 77 p. 
336 |a texto  |b txt  |2 rdacontenido 
337 |a sin mediación  |b n  |2 rdamedio 
338 |a volumen  |b nc  |2 rdasoporte 
649 |a XX 
650 |a Estadísticas 
650 |a Aprendizaje 
650 |a Mujer 
650 |a Formación profesional 
650 |a Trabajador 
650 |a Empleo 
650 |a Jóvenes 
650 |a América Latina 
710 |a Organización Internacional del Trabajo (OIT) 
910 |a Fondo Centro de Estudios Educativos 
920 |a Impresos - Libros 
930 |a Fondos Especiales 
905 |a 133 
901 |a ALE007101  |b IT2  |c CEE  |u 20250521 
901 |a ALE041714  |b IT2  |c CEE  |u 20250521 
902 |a https://opac.biblio.iteso.mx/vufind/Record/000472015